La deuda del comandante (Record no. 159672)

MARC details
000 -LEADER
campo de control de longitud fija 00763nam a22002295i 4500
001 - NÚMERO DE CONTROL
campo de control 159672
003 - IDENTIFICADOR DE NÚMERO DE CONTROL
campo de control ES-MaACL
005 - FECHA Y HORA DE LA ÚLTIMA TRANSACCIÓN
campo de control 20230906211726.0
008 - DATOS DE LONGITUD FIJA--INFORMACIÓN GENERAL
campo de control de longitud fija 040916s1899 sp |||| | spa d
040 ## - FUENTE DE CATALOGACIÓN
Centro catalogador/agencia de origen CAM
Lengua de catalogación spa
Centro/agencia transcriptor CAM
080 ## - NÚMERO DE LA CLASIFICACIÓN DECIMAL UNIVERSAL
Número de la Clasificación Decimal Universal 821.134.2-23"18"
080 ## - NÚMERO DE LA CLASIFICACIÓN DECIMAL UNIVERSAL
Número de la Clasificación Decimal Universal 821.134.2-31"18"
100 1# - ENTRADA PRINCIPAL--NOMBRE DE PERSONA
Nombre de persona Millares Cubas, Luis.
9 (RLIN) 81180
245 13 - MENCIÓN DEL TÍTULO
Título La deuda del comandante
Resto del título ; Los inertes /
Mención de responsabilidad, etc. por Luis y Agustín Millares Cubas.
260 ## - PUBLICACIÓN, DISTRIBUCIÓN, ETC.
Lugar de publicación, distribución, etc. Santa Cruz de Tenerife :
Nombre del editor, distribuidor, etc. [s.n.],
Fecha de publicación, distribución, etc. 1899 (
Fabricante Imprenta de A.J. Benítez)
300 ## - DESCRIPCIÓN FÍSICA
Extensión 413 p. ;
Dimensiones 19 cm.
490 1# - MENCIÓN DE SERIE
Mención de serie De la tierra canaria ;
Designación de volumen o secuencia v. 3
700 1# - ENTRADA AGREGADA--NOMBRE PERSONAL
Nombre de persona Millares Cubas, Agustín.
9 (RLIN) 81179
830 0# - PUNTO DE ACCESO ADICIONAL DE SERIE-TÍTULO UNIFORME
Título uniforme De la tierra canaria ;
Designación de volumen o secuencia v. 3
9 (RLIN) 188210
852 ## - LOCALIZACIÓN
Ubicación ES-MaACL
Número de control de estantería F-8759
Nota libre -- Rúst.
Holdings
Estatus retirado Estado de pérdida Estado de daño No para préstamo Colección Biblioteca de origen Biblioteca actual Ubicación en estantería Fecha de adquisición Fuente de adquisición Total de préstamos Signatura topográfica completa Código de barras Visto por última vez Precio de reemplazo Tipo de ítem Koha
        Libros del s. XIX Biblioteca del Ateneo de Madrid Biblioteca del Ateneo de Madrid Sala Pecera Planta 2 17/01/2008     F-8759 1167159 23/02/2023 23/02/2023 Libro impreso antiguo